000 00703nam a22002297a 4500
003 OSt
005 20250911100117.0
008 250515t2003 mx ||||r|||| 00| 0 spa d
020 _a970-35-0430-2
040 _cbesoc
080 _0028.5(-053.4)
100 1 _aAbril, Paco.
_eautor
245 1 3 _aLa literatura infantil desde antes de la cuna /
_cPaco Abril. Yo no leo, alguien me lee-- : me descrifra y escribe en mí / Yolanda Reyes
250 _a1a ed.
260 _aMéxico :
_bConaculta,
_c2003.
300 _a64 p. ;
_c21 cm.
490 0 _aLecturas Sobre Lecturas
_v5
650 4 _aNiños
_xLibros y lecturas
650 4 _aLectura
700 1 _aReyes, Yolanda,
_d1959-
_eautor
942 _2udc
_cOG
_n0
999 _c504
_d504